000 00638nam a2200217 a 4500
005 20210219152950.0
008 991125n 000 0 u
035 _aUPN01000069485
100 _aLetendre, Mary Jean
222 _aEDUCATIONAL EVALUATION AND POLICY ANALYSIS
245 _aThe continuing evolution of a federal role in compensatory education
300 _a328-334
362 _a13, No. 4, 1991
505 _aMayo 1992
653 0 _aEDUCACION COMPENSATORIA
653 0 _aPERFECCIONAMIENTO DE PROGRAMAS
653 0 _aPROGRAMAS FEDERALES
653 0 _aROL DEL GOBIERNO
904 _aAC
_b007296
905 _aArticulo
999 _c64981
_d64981